Регионална библиотека "Любен Каравелов" - Русе

Terzett (Запис номер 519798)

MARC детайли
000 -Лидер
Лидер 02280njm a2200301 a 4500
003 - Код на организацията, давaща контролен номер
Код на организацията, даваща контролен номер BLK
005 - Дата и час на последна редакция
Дата и час на последна редакция 20241018143445.0
007 - Фиксирано поле за физическо описани
Физическо описание sd asmalaaahaa
008 - Елементи от данни с фиксирана дължина
Елементи с фиксирана дължина 221104b bu |||||s|||| 00| | bu d
028 ## - PUBLISHER NUMBER
Издателски номер 885084
040 ## - Източник на каталожния запис
Код на библиотеката BLK
041 ## - Код за език
Език на записа Немски
Език за КДБФ Немски
080 ## - УДК
УДК текст Опера - други видове. Мюзикъл. Детска оперета. Муз. приказка
УДК код 782.9
УДК – определител (086.7)
УДК – код + определител 782.9(086.7)
100 ## - Редна дума - Автор
R(LIN) 489682
Автор Natschinski, Gerd
245 ## - Сведения за заглавието
Заглавие Terzett
Подзаглавни данни Musical von Helmut Bez und Jurgen Degenhardt
Авторска отговорност Gerd Natschinski; Grosses Rundfunk-Orchester Berlin; dirigent: Gerd Natschinski
260 ## - Област на издателските данни
9 (RLIN) 210744
Място на издаване Berlin
Име на издателя Deutsche Schallplatten
Година на издаване 1975
300 ## - Физическа характеристика
Брой страници 1 грамофонна плоча
Илюстрации 33 об/мин, стерео
Размер 30 cm
380 ## - Жанр
Жанр Изкуство
490 ## - СЕРИИ (Колекции)
9 (RLIN) 494230
Серия NOVA
500 ## - Общи забележки
Обща забележка Terzett - Musical von Helmut Bez und Jürgen Degenhardt<br/>(01) Tourismus<br/>(Chor)<br/>(02) So war der Graf von Gleichen<br/>(Florian, Leila)<br/>(03) Die erste Nacht gemeinsam mit dir<br/>(Leila)<br/>(04) Für mich sind die Männer erledigt<br/>(Otti, Leila)<br/>(05) Der Mann, der mir gefällt<br/>(Otti)<br/>(06) Die Vielweiberei<br/>(Corbatty)<br/>(07) Was soll die Komödie?<br/>(Otti, Leila)<br/>(08) Es gab kein Happy-End<br/>(Florian, Chor)<br/>(09) Mit dir nicht verheiratet zu sein<br/>(Otti, Florian)<br/><br/>(10) Ein Mann zu sein<br/>(Florian)<br/>(11) Sag es mir mit Küssen<br/>(Leila, Florian)<br/>(12) Die Erotik in der Gotik<br/>(Leila, Otti, Chor)<br/>(13) Warum sind Frauen so kompliziert?<br/>(Florian)<br/>(14) Sagenhaft<br/>(Florian, Otti, Leila, Reiseleiterin, Chor)<br/>(15) Rache ist süß<br/>(Leila, Otti)<br/>(16) Komm mit mir<br/>(Leila)<br/>(17) Finale<br/>(Otti, Leila, Florian, Corbatty, Chor)<br/><br/>Großes Rundfunk-Orchester Berlin<br/>Dirigent: Gerd Natschinski<br/><br/>Peter Wieland, Florian Faber<br/>Dagmar Frederic, Leila<br/>Chris Doerk, Otti<br/>Rolf Herricht, Corbatty<br/>Dagmar Gelbke, Reiseleiterin<br/>City-Singers, Touristen und Burggespenster<br/><br/>Gemeinschaftsaufnahme mit dem Rundfunk der DDR<br/><br/>Musikregie: Hans-Ulrich Brandt<br/>Tonregie: Werner Holke
650 #7 - Допълнително описание по предмет – тема
9 (RLIN) 163129
Предметна рубрика Мюзикъл
700 ## - Други автори (авторска отговорност)
9 (RLIN) 489682
Друг автор Natschinski, Gerd
710 ## - Име на организация или юридическо лице като допълнителен термин за търсене
9 (RLIN) 495278
Друг колективен автор Rundfunk-Sinfonie-Orchester Berlin
852 ## - Местоположение
Сигнатура (форматна) Ф ІІ 3266
Отдел Хранилище
856 ## - Електронен адрес и достъп
Инструкция (цена за достъп) 0.00
Права за достъп disable
942 ## - АРТИКУЛИ
Вид на библиотечния документ Грамофонни плочи
Скрит в OPAC Не
944 ## - СЪЗДАВАНЕ И РЕДАКЦИЯ на ЗАПИСА
Дата на регистрацията/редакция Моника Янева
Служител, извършил регистрацията/редакцията 30570
Статус, дата на статуса Моника Янева
Създаване/Редакция
999 ## - СИСТЕМНИ КОНТРОЛНИ НОМЕРА
Koha biblionumber 519798
Koha biblioitemnumber 519798
Наличности
Код за отписване Код за изгубен артикул Източник на класификационната схема Код за повреда Коз за рестрикции Код за отдаване Артикулен № Име на библиотеката - собственик Име на библиотеката, в която се намира в момента Статус (Текущо местоположение) Дата на вписване в системата Местоположение - отдел Цена в лева Инвентарен номер Систематично азбучна сигнатура Баркод Цена в евро Служебен тип на артикула
  Не е изгубен Universal Decimal Classification Не е повреден само за читалня ползва се в читалня 952493 Регионална библиотека "Любен Каравелов" Русе Регионална библиотека "Любен Каравелов" Русе Хранилище 2024-10-18 Основен фонд - ползва се само за читалня 6.00 7886 Ф ІІ 3266 900000109136 3.07 Грамофонни плочи
Vip Innovations Ltd, Rousse, Bulgaria 2025